Parametric design for architecture / (Record no. 18546)
[ view plain ]
| 000 -LEADER | |
|---|---|
| fixed length control field | 01070cam a2200313 a 4500 |
| 001 - CONTROL NUMBER | |
| control field | 016468236 |
| 003 - CONTROL NUMBER IDENTIFIER | |
| control field | EG-ScBUE |
| 005 - DATE AND TIME OF LATEST TRANSACTION | |
| control field | 20220904100030.0 |
| 008 - FIXED-LENGTH DATA ELEMENTS--GENERAL INFORMATION | |
| fixed length control field | 130624s2013 enka f bd 001 0 eng d |
| 020 ## - INTERNATIONAL STANDARD BOOK NUMBER | |
| International Standard Book Number | 9781780673141 (pbk.) |
| 040 ## - CATALOGING SOURCE | |
| Original cataloging agency | StDuBDS |
| Language of cataloging | eng |
| Description conventions | rda |
| Transcribing agency | StDuBDS |
| Modifying agency | Uk |
| -- | EG-ScBUE |
| 082 04 - DEWEY DECIMAL CLASSIFICATION NUMBER | |
| Classification number | 720.2840285 |
| Item number | JAB |
| Edition number | 22 |
| 100 1# - MAIN ENTRY--PERSONAL NAME | |
| Personal name | Jabi, Wassim, |
| Relator term | author. |
| 9 (RLIN) | 36440 |
| 245 10 - TITLE STATEMENT | |
| Title | Parametric design for architecture / |
| Statement of responsibility, etc | Wassim Jabi. |
| 264 #1 - PUBLICATION, DISTRIBUTION, ETC. (IMPRINT) | |
| Place of publication, distribution, etc | London : |
| Name of publisher, distributor, etc | Laurence King Publishing Ltd, |
| Date of publication, distribution, etc | 2013. |
| 300 ## - PHYSICAL DESCRIPTION | |
| Extent | 208 pages : |
| Other physical details | color illustrations ; |
| Dimensions | 28 cm |
| 336 ## - CONTENT TYPE | |
| Source | rdacontent |
| Content type term | text |
| Content type code | txt |
| 337 ## - MEDIA TYPE | |
| Source | rdamedia |
| Media type term | unmediated |
| Media type code | n |
| 338 ## - CARRIER TYPE | |
| Source | rdacarrier |
| Carrier type term | volume |
| Carrier type code | nc |
| 500 ## - GENERAL NOTE | |
| General note | Includes glossary.<br/> |
| 504 ## - BIBLIOGRAPHY, ETC. NOTE | |
| Bibliography, etc | Includes bibliographical references and index.<br/> |
| 650 #7 - SUBJECT ADDED ENTRY--TOPICAL TERM | |
| Topical term or geographic name as entry element | Computer-aided design. |
| Source of heading or term | BUEsh |
| 9 (RLIN) | 3588 |
| 650 #7 - SUBJECT ADDED ENTRY--TOPICAL TERM | |
| Topical term or geographic name as entry element | Architectural design |
| General subdivision | Computer programs. |
| Source of heading or term | BUEsh |
| 9 (RLIN) | 36441 |
| 651 ## - SUBJECT ADDED ENTRY--GEOGRAPHIC NAME | |
| Source of heading or term | BUEsh |
| 653 ## - INDEX TERM--UNCONTROLLED | |
| Resource For college | Engineering, Architecture |
| Arrived date list | November2014 |
| -- | April2015 |
| 653 ## - INDEX TERM--UNCONTROLLED | |
| Resource For college | Engineering, Architecture |
| Arrived date list | October2016 |
| 655 ## - INDEX TERM--GENRE/FORM | |
| Form subdivision | Reading book |
| 9 (RLIN) | 34232 |
| 942 ## - ADDED ENTRY ELEMENTS (KOHA) | |
| Source of classification or shelving scheme | Dewey Decimal Classification |
| Call number prefix | 720.2840285 JAB |
| Koha item type | Book - Borrowing |
| Withdrawn status | Lost status | Source of classification or shelving scheme | Damaged status | Not for loan | Collection code | Home library | Current library | Shelving location | Date acquired | Source of acquisition | Cost, normal purchase price | Total Checkouts | Total Renewals | Full call number | Barcode | Date last seen | Date checked out | Cost, replacement price | Price effective from | Koha item type | Serial Enumeration / chronology |
|---|---|---|---|---|---|---|---|---|---|---|---|---|---|---|---|---|---|---|---|---|---|
| Dewey Decimal Classification | Baccah | Central Library | Central Library | Second Floor | 04/11/2014 | 290.00 | 4 | 8 | 720.2840285 JAB | 000036940 | 15/07/2025 | 04/11/2018 | 362.50 | 04/11/2014 | Book - Borrowing | ||||||
| Dewey Decimal Classification | ايمك | Central Library | Central Library | Second Floor | 27/04/2015 | 410.00 | 3 | 66 | 720.2840285 JAB | 000038066 | 15/07/2025 | 04/03/2020 | 512.50 | 27/04/2015 | Book - Borrowing | 2447 | |||||
| Dewey Decimal Classification | Academic Bookshop | Central Library | Central Library | Second Floor | 13/10/2016 | Purchase | 400.00 | 2 | 11 | 720.2840285 JAB | 000034055 | 15/07/2025 | 03/11/2021 | 500.00 | 13/10/2016 | Book - Borrowing | 9122 |